| 000 | 00472nam a2200205Ia 4500 | ||
|---|---|---|---|
| 005 | 20240823054350.0 | ||
| 008 | 240823s9999||||xx |||||||||||||| ||und|| | ||
| 020 | _a978-81-203-4501-0 | ||
| 041 | _aENGLISH | ||
| 082 | _A658.800285 Q2 | ||
| 100 | _aJudy strauss | ||
| 245 | 0 | _aE-Marketing | |
| 250 | _a6th | ||
| 260 |
_c2012 _b#VALUE! |
||
| 500 | _aYES | ||
| 650 |
_aE-Marketing _bManagement Studies |
||
| 700 | _a Raymond Frost | ||
| 942 | _cBK | ||
| 999 |
_c226290 _d226290 |
||